000 00816nas a2200253 4500
001 BR9800432
003 BR-BrBNA
005 20231205100714.0
007 ta
008 230509b bl.|||p| |||| 00| 00por d
040 _aBR-BrBNA
_bpor
_cBiblioteca Nacional de Agricultura
041 _a(Pt)
072 _aL72
100 1 _aMattos, M.J.T. de
100 1 _aGutierres, V.C.
245 1 _aOcorrencia de Balanorchis anastrophus fischoeder, 1901 em bovinos, no Estado do Rio Grande do Sul, Brasil
650 _aBovino
650 _aTrematodeo
650 _aParasito de Animal
650 _aRio Grande do Sul
773 0 _tRevista Brasileira de Medicina Veterinaria (Brazil)
_xISSN 0100-2430
_g(Jul-Aug 1997), v. 19(4) p. 150-153
_wBR9800432
909 _a202311
_bLúcia
_c55
_dLúcia Elande
942 _2AGRIS
_n0
_cANA
999 _c157578
_d157578